Sự biến đổi và liên tục của gia đình nông thôn Việt Nam : Những vấn đề đặt ra trong nghiên cứu thử nghiệm ở Yến Bái /

Tallennettuna:
Bibliografiset tiedot
Päätekijä: Vũ Tuấn Huy
Aineistotyyppi: Artikkeli
Kieli:Vietnamese
Aiheet:
Tagit: Lisää tagi
Ei tageja, Lisää ensimmäinen tagi!
Thư viện lưu trữ: Thư viện Trường Đại học Đà Lạt
LEADER 00975nam a2200337 4500
001 DLU050030736
040 # # |a DLU  |b vie 
041 # # |a vie 
044 # # |a vn 
100 # # |a Vũ Tuấn Huy 
245 # # |a Sự biến đổi và liên tục của gia đình nông thôn Việt Nam :  |b Những vấn đề đặt ra trong nghiên cứu thử nghiệm ở Yến Bái /  |c Vũ Tuấn Huy 
651 # # |a Yên Bái 
653 # # |a Hộ gia đình 
653 # # |a Kinh tế gia đình 
653 # # |a Kinh tế nông nghiệp 
653 # # |a Nông thôn 
773 # # |t Xã hội học   |g Số 1, 2002, tr 21 - 28 
920 # # |a Phòng Tạp chí -- Trung tâm Thông tin - Thư viện Trường Đại học Đà Lạt 
933 # # |a CP 
933 # # |a MT 
933 # # |a NL 
933 # # |a XH 
994 # # |a DLU 
900 # # |a True 
911 # # |a Trần Văn Thống Nhất 
925 # # |a G 
926 # # |a A 
927 # # |a BB 
980 # # |a Thư viện Trường Đại học Đà Lạt